[Event "Turnier 40 / 120"]
[Site "Wien"]
[Date "2022.08.02"]
[Round "31"]
[White "Novag Diamond II H8 - 32 MHZ"]
[Black "Mephisto Berlin 68000 - 12 MHZ"]
[Result "0-1"]
[BlackElo "2138"]
[WhiteElo "2135"]

{Analyse ------> Komodo 13.02.} 1. b4 d5 2. Bb2 Qd6 3. a3 e5 {Buchende} 4.
e3 {Buchende} Nd7 {Buchbewertung Mephisto Berlin 68000: 0,00} 5. Nc3
{Buchbewertung Novag Diamond II: +0,57 / klar schwächer als c4 lt. Komodo
steht Schwarz etwas besser mit ca. +0,30} c6 6. d4 {weniger gut, danach
steht Schwarz bereits klar besser, Komodo +0,80 mit der Fortsetzung e4,
deutlich besser ist e4} e4 7. f3 exf3? {klar schwächer als f5, danach ist
die Stellung wieder im Lot} 8. Nxf3 Ngf6 9. Bd3 Nb6 10. O-O Qc7 11. e4 Nxe4
12. Nxe4 dxe4 13. Bxe4 Na4??? {ein Verlustzug, danach ist die Partie sofort
verloren, Komodo +3,50 mit der Fortsetzung Sg5 !!!, das ist aber von einem
Oldie entschieden zu viel verlangt, da ja der Läufer b2 bedroht ist} 14.
Bc1 {ja war klar, Sg5 ist natürlich ausser Reichweite nach dem Textzug
steht Weiss trotztdem noch klar besser, Komodo +1,00, hier aber kein
Fragezeichen, ehrlich gesagt Sg5 hätte ich auch niemals in Erwägung
gezogen.} Bd6? {deutlich besser ist Le6, nach dem Textzug ist die Partie
praktisch wieder verloren, Komodo +2,00 mit der Fortsetzung Ld3} 15. c4???
{ein ganz schlechter Zug, der nahezu den gesamten Vorteil auf einen Schlag
verspielt, Komodo nur noch +0,50 für Weiss mit der Fortsetzung Sc3} Nc3 16.
Qc2 Nxe4 17. Qxe4+ Qe7 18. Re1 Qxe4 19. Rxe4+ Kf8 {klar schwächer als Kd8,
Komodo +1,00 für Weiss} 20. Bf4 Bxf4 21. Rxf4 a5 22. Ne5 {klar schwächer
als Tae1, Komodo +0,70 für Weiss} f6 23. Re1 axb4 24. axb4 Be6 25. Kf2
{klar schwächer als b5, nach dem Textzug ist die Stellung im Lot, Komodo
0,00} Ra4 {etwas besser ist Ta2+, Komodo +0,80 für Weiss} 26. Re2 Bf7??
{ein Verlustzug, danach ist die Partie praktisch verloren für Schwarz,
Komodo +2,00 mit der Fortsetzung Sd7+, nötig war Ta1 mit nur geringem
Vorteil für Weiss} 27. Nd7+ Kg8 28. d5! {richtig, Komodo +2,00} Rxb4 {etwas
besser ist noch cxd5, Komodo -2,70} 29. d6 h5 30. Nf8? {ein ganz schlechter
Zug, der einen Grossteil des Vorteiles verspielt, Komodo nur noch +1,00 für
Weiss, sofort gewonnen hätte Te7 mit +3,00} Ra4 31. d7? {das ist verfrüht
und verspielt endgültig den gesamten Vorteil, Komodo 0,00, Vorteil
versprach noch Td4 mit ca. +1,00 für Weiss} Ra8 32. Ne6 Bxe6 33. Rxe6 Kf7
34. Rfe4 Ra2+ 35. Kf3 Rd8 36. Re7+ Kg6 37. Rd4 b5 38. Re8 {besser ist c5,
nach dem Textzug ist Schwarz leicht im Vorteil, Komodo +0,40} Raa8 39.
Rxd8? {ein kurzsichtiger Zug, Komodo +0,70 für Schwarz besser ist cxb5}
Rxd8 40. cxb5 cxb5 41. Rd5 Kf7 42. Rxh5 {besser ist h4 oder auch Txb5,
Komodo -1,00 mit der Fortsetzung g5} g5 43. Rh7+ Ke6 44. Ke4 Rxd7 45.
Rxd7??? {diesen hinrissigen Zug braucht man nicht lange zu kommentieren,
damit verschenkt Novag Diamond II in dieser Partie den ganzen Punkt, der
Fairness halber sei noch gesagt, auch Mephisto Berlin 68000 hatte diesen
Zug vorgeschlagen, damit ist natürlich alles vorbei, Komodo -13,00} f5+ 46.
Kd4 Kxd7 47. Kc5 Ke6 48. Kxb5 Kd5 {Rest geschenkt ----> Novag Diamond II
vergibt zahlreiche Gewinnchancen und verschenkt letztlich mit einem
geradezu absurden Zug den ganzen Punkt !!!} 0-1
[/pgn]
[pgn]

[Event "Turnier 40 / 120"]
[Site "Wien"]
[Date "2022.08.02"]
[Round "32"]
[White "Mephisto Berlin 68000 - 12 MHZ"]
[Black "Novag Diamond II H8 - 32 MHZ"]
[Result "1-0"]
[BlackElo "2135"]
[WhiteElo "2138"]

{Analyse -----> Komodo 13.02.} 1. e4 c6 2. d4 d5 3. Nc3 dxe4 4. Nxe4 Bf5 5.
Ng3 Bg6 6. h4 h6 7. Nf3 Nd7 8. h5 Bh7 9. Bd3 Bxd3 10. Qxd3 Qc7 11. Bd2 e6
12. Qe2 Ngf6 {Buchende} 13. c4 {Buchende} O-O-O {Buchbewertung Novag
Diamond II: +0,23} 14. Ne5 {Buchbewertung Mephisto Berlin 68000: +0,06 /
lt. Komodo ist die Stellung etwa gleich} Nxe5 15. dxe5 Nd7 16. Bc3 Nc5 17.
O-O Na4 18. Rfd1 Bc5 19. Ne4 {besser ist Kh1, nach dem Textzug steht
Schwarz etwas besser, Komodo +1,00 mit der Fortsetzung Sxc3} Nxc3 20. Nxc3
Bd4 21. Re1 Rd7 22. a4 Qa5 23. Rab1 Bxc3 24. bxc3 Qxc3 25. Rec1 Qd2 26.
Rc2?? {ein ganz schlechter Zug, danach ist die Partie praktisch schon
verloren, Komodo +2,00 für Schwarz mit Fortsetzung Dxe2, deutlich besser
ist Dxd2 mit ca. +1,00 für Schwarz} Qxe2 27. Rxe2 Rhd8 28. f3 Rd1+ {Komodo
+3,00, da ist nichts mehr zu retten für Weiss} 29. Re1 Rxb1 30. Rxb1 Rd2
31. Re1 Rd4 32. Rc1 Rf4 33. Kf2 Rf5 34. Re1 Rxh5 35. Re4 g5 36. Kg1 c5???
{ein ganz schlechter Zug, um ganze 2 Bauerneinheiten schlechter als Th4,
übersieht dass der schwarze Turm nach g3 bewegungsunfähig ist, damit ist
der Gewinn bereits schwer zu realisieren, Komodo nur noch +1,10 für
Schwarz} 37. g3! {na klar} b6 38. Re1 Kc7 39. Kg2 a6 40. Re2 Kc6 41. Rd2 g4
42. f4 Kc7 {Schwarz steht nur noch geringfügig besser, Komodo +0,80 mit der
Fortsetzung Td6} 43. a5??? {ein ganz schlechter Zug, danach ist die Partie
praktisch verloren, Komodo +2,00 mit der Fortsetzung bxa5} b5??? {aber
Novag Diamond II kann es neuerlich nicht nützen, nach dem Textzug ist der
gesamte Vorteil dahin, die Stellung ist im Lot.} 44. cxb5 axb5 45. Rd6 f6
46. Rxe6 fxe5 {die Stellung ist Remis, Komodo 0,00} 47. Re7+ Kb8??? {und
nun schafft Novag Diamond II sogar noch den ganzen Punkt zu verschenken
nach dem Textzug ist die Partie verloren, Komodo -2,50 mit der Fortsetzung
Txe5, Kc6 hält das Remis} 48. Rxe5 Rh3 49. Rxc5 b4 50. Rb5+ Ka7 51. Rxb4
Rh5 52. Rb6 Rxa5 53. Rxh6 Kb7 54. Rh4 {Rest geschenkt - Novag Diamond II
blamiert sich in diesem Endspiel bis auf die Knochen, ein Turmendspiel mit
2 Mehrbauern in welchem er sich den Turm auf stümpferhafte Weise einsperren
lässt und dann Bauer um Bauer einbüsst, er schafft hier noch das
"Kunststück" das sogar noch zu verlieren - UNFASSBAR SCHWACH EINFACH NUR
STÜMPERHAFT !!!} 1-0
[/pgn]
[pgn]

[Event "Turnier 40 / 120"]
[Site "Wien"]
[Date "2022.08.03"]
[Round "33"]
[White "Novag Diamond II H8 - 32 MHZ"]
[Black "Mephisto Berlin 68000 - 12 MHZ"]
[Result "0-1"]
[BlackElo "2138"]
[WhiteElo "2135"]

{Analyse -----> Komodo 13.02.} 1. d4 d5 2. c4 c6 3. Nc3 Nf6 4. e3 e6 5. Nf3
Nbd7 6. Bd3 dxc4 7. Bxc4 b5 8. Bd3 Bb7 9. e4 b4 10. Na4 c5 11. e5 Nd5 12.
Nxc5 Bxc5 13. dxc5 {Buchende} Qa5 14. Qe2 {Buchbewertung Novag Diamond II:
+0,50} Nxc5 15. Bb5+ Ke7 {Buchende} 16. O-O h6 {Buchbewertung Mephisto
Berlin 68000: -0,75 / lt. Komodo steht Weiss etwas besser mit ca. +0,60}
17. Rd1 Ba6 18. Bxa6 Qxa6 19. Qxa6 Nxa6 {die Stellung ist im Lot} 20. Nd4
Rhc8 21. Nf5+ Kf8 22. Nd6 Rc6 23. a3 Nc5 24. axb4 Nb3 25. Rb1? {weniger
gut, danach steht Schwarz besser, Komodo +0,90 mit der Fortsetzung Sxb5,
deutlich besser ist b5 und die Stellung ist etwa gleich} Nxb4 26. Be3 a5
27. Nb5 Nd5 28. Nd4 Nxd4 29. Bxd4 Rac8 30. Ra1 Rc4 31. b3 Rb4 32. Kf1 Rb5
33. Ra4 Nb4 34. Rda1 Nc2 35. Rc4 Rbb8 36. Rxc8+ Rxc8 37. Rc1 {die Stellung
ist im Lot} Rc6 38. Bb2 g5 39. f3 Kg7 40. Kf2 Kg6 41. h3 h5 42. g3 Rc5 43.
Ba3 Rc8 44. h4?? {ein schlechter Zug, danach steht Schwarz klar besser,
Komodo +1,20, deutlich besser war g4 und die Stellung ist exakt im Lot}
gxh4 45. gxh4 Kf5 46. Bb2 Kf4 47. Ke2 Rc6 48. Rd1? {ein ganz schlechter
Zug, danach ist die Partie praktisch schon verloren, Komodo -1,70 mit der
Fortsetzung Sb4, deutlich besser ist Tg1 mit ca. +0,80 für Schwarz} Nb4 49.
Rd4+?? {Novag Diamond II hat völlig den Überblick verloren und
verschlechtert die Situation praktisch mit jedem Zug, Komodo -2,70 mit der
Fortsetzung Kg3} Kg3 50. Ba3 Nc2 51. Rd6 Rc3 52. Bc1 Rxb3 53. f4? {deutlich
besser ist noch Td8, Komodo -4,50} Kxh4 {schwächer als a4, Weiss steht aber
klar auf Gewinn, Komodo +3,00} 54. Rd7 Kg3 55. Kd1 {ein ganz schlechter
Zug, danach ist wohl endgültig alles verloren Komodo -6,00, deutlich mehr
Widerstand leistet noch f5 mit ca. -2,80} Ne3+ 56. Bxe3 Rxe3 57. Rxf7 h4
{Rest geschenkt} 0-1
[/pgn]
[pgn]

[Event "Turnier 40 / 120"]
[Site "Wien"]
[Date "2022.08.04"]
[Round "34"]
[White "Mephisto Berlin 68000 - 12 MHZ"]
[Black "Novag Diamond II H8 - 32 MHZ"]
[Result "1/2-1/2"]
[BlackElo "2135"]
[WhiteElo "2138"]

{Analyse ---> Komodo 13.02.} 1. c4 c5 2. Nf3 Nf6 3. g3 {Buchende} b6 4. Bg2
{Buchbewertung Mephisto Berlin 68000: +0,24} Bb7 5. O-O {Buchzug /
Buchende} g6 6. Nc3 Bg7 7. d3 O-O {Buchende} 8. Bf4 d6 {Buchbewertung Novag
Diamond II: +0,50 / lt. Komodo steht Weiss eine Nuance besser mit ca.
+0,20} 9. Qd2 Qd7 10. e4 Nc6 11. Bg5 Bc8? {der Sinn dieses Zuges bleibt im
Dunkeln, deutlich besser ist Sg4} 12. Rae1 Ne5 13. Nxe5 dxe5 14. Nd5 Ba6
15. b4 Nxd5 16. exd5 cxb4 17. Qxb4 Rfe8 18. Bd2 Qd6 19. Bc3 Rab8 20. a4 Bc8
21. Qb2 Bf5 22. Re3 f6 23. Bb4 {deutlich besser ist Tfd1, die Stellung ist
im Lot} Qd7 24. Qa3 Bh6 25. Re2 a5 26. Bd2 Bf8 27. Qb3 e6 28. Rb1 Bc5 29.
Be3 Qd6 30. Rbb2 exd5 31. Bxd5+ Kh8 32. Re1 Ba3 33. Rbb1 Bb4 34. Re2 Rbd8
35. Bd2 Bc5 36. Be3 Be6 {besser ist Lb4, danach glaubt Komodo 13.02 an ein
Remis durch Stellungswiederholung, nach dem Textzug ist Weiss etwas im
Vorteil, Komodo +0,60 mit der Fortsetzung Lxc5} 37. Bxc5 bxc5 38. Bxe6 Rxe6
39. Re3 Qc7 40. Qb5 {besser ist Db7, die Stellung ist wieder im Lot} Red6
41. Rf3 Kg7 42. Qb7 Qf7 43. Qxf7+ Kxf7 44. Rb5 Rxd3 45. Rxd3 Rxd3 46. Rxc5
Rc3 47. Rxa5 Rxc4 48. Ra7+ Ke6 49. Kf1 Kd5 50. a5 Ra4 51. Rxh7 Rxa5 52. Rh6
Ra1+ 53. Kg2 e4 54. Rxg6 f5 55. Rg8 Ke6 56. h4 Kf7 57. Rg5 {trotz des
weissen Mehrbauern ist die Stellung im Lot, Komodo 0,00} Kf6 58. g4 fxg4
59. Kg3 Rf1 60. Rxg4 Ke5 61. Rg5+ Kf6! {richtig, die Stellung ist immer
noch im Lot, sofort verloren hätte der von Mephisto Berlin 68000
vorgeschlagene Zug Kd4} 62. Rc5 Ke6 63. h5 Kf6 64. Rb5 Kg7 65. Rb6 Re1 66.
Kf4 Re2 67. Rg6+ Kh7 68. Kg3 Re1 69. Re6 Re2 70. Rf6 Kg7 71. Rg6+ Kh7 72.
Re6 Kg7 73. h6+ Kh7 74. Rf6 e3 75. f4 Rf2 76. Re6 Rf1 77. Rxe3 Kxh6 78. Kg4
Kg6 {das ist natürlich nicht mehr zu gewinnen} 79. Re6+ Kf7 80. Rb6 Rd1 81.
Kg5 Rf1 82. Kf5 Rc1 83. Rb7+ Kf8 84. Kg5 Rc5+ 85. f5 Rc6 86. Rd7 Rc2 87.
Kg6 Ke8??? {wieder mal der Beweis dafür, man soll die Partie nicht zu früh
abbrechen, hier begeht Novag Diamond II neuerlich den spielentscheidenden
Megabock, Komodo -14,00, danach ist alles aus, nötig war natürlich Tg2+ und
es ist Remis} 88. Rb7 Rf2 89. Kf6 Rf4 90. Rb1 Rf2 91. Ra1 Rf4 92. Re1+???
{ein wahrer Megabock, der den Sieg verschenkt, um ganze 15 Bauerneinheiten
schlechter als Ta8+, nach dem Textzug ist es wieder Remis} Kf8 93. Rb1 Kg8!
{hier hat Novag Diamond II echtes Glück, er bewertet diesen richtigen Zug
im letzten Moment um +0,04 als Ke8 was sofort verloren hätte (Mephisto
Berlin 68000 hatte übrigens Ke8 erwartet), nach dem Textzug ist es Remis}
94. Rb8+ Kh7 95. Rd8 Rf1 96. Re8 Rf3 97. Re1 Kg8 98. Rd1 Rf4 99. Rd8+ Kh7
100. Rd7+ Kg8 101. Rd1 Rf2 102. Rd8+ Kh7 103. Rd7+ Kg8 104. Ra7 Rc2 105.
Ra8+ Kh7 106. Re8 Rf2 107. Re3 Kg8 108. Rd3 Rf4 109. Ra3 Rf2 110. Ra8+ Kh7
111. Ra1 Kg8 112. Rg1+ Kf8 113. Rc1 Kg8! {hier hat Novag Diamond II echtes
Glück, er bewertet diesen richtigen Zug im letzten Moment um +0,04 als Ke8
was sofort verloren hätte (Mephisto Berlin 68000 hatte übrigens Ke8
erwartet), nach dem Textzug ist es Remis (Wiederholung von Zug 93 !!!)}
114. Rc8+ Kh7 115. Rc7+ Kg8 116. Rc8+ Kh7 117. Rc7+ Kg8 118. Rc1 Rb2 119.
Rc6 Kh7 120. Rc7+ Kg8 121. Rc8+ Kh7 122. Rc6 Kg8 123. Ra6 Rc2 124. Rd6 Rf2
125. Re6 Kf8 126. Rb6 Kg8! {hier hat Novag Diamond II echtes Glück, er
bewertet diesen richtigen Zug im letzten Moment um +0,04 als Ke8 was sofort
verloren hätte (Mephisto Berlin 68000 hatte übrigens Ke8 erwartet), nach
dem Textzug ist es Remis (Wiederholung von Zug 93 !!! und Zug 113)} 127.
Rb4 Rf3 128. Rb8+ Kh7 129. Rb2 Kg8 130. Rg2+ Kf8 131. Rh2 Kg8 132. Rd2 Rf4
133. Rg2+ Kf8 134. Kg6 Ke7 135. Rg1 {50-Züge-Regel} 1/2-1/2
[/pgn]
[pgn]

[Event "Turnier 40 / 120"]
[Site "Wien"]
[Date "2022.08.05"]
[Round "35"]
[White "Novag Diamond II H8 - 32 MHZ"]
[Black "Mephisto Berlin 68000 - 12 MHZ"]
[Result "1/2-1/2"]
[BlackElo "2138"]
[WhiteElo "2135"]

{Analyse ----> Komodo 13.02.} 1. Nf3 c6 2. c4 d5 3. d4 Nf6 4. Nc3 dxc4 5.
a4 Bf5 6. e3 e6 7. Bxc4 Bb4 8. O-O O-O 9. Qe2 Nbd7 10. e4 Bg6 {Buchende}
11. e5 Nd5 {Buchbewertung Mephisto Berlin 68000: -0,21} 12. Bd2 {Buchende}
Bh5 13. Bd3 {Buchbewertung Novag Diamond II: +0,23 / lt. Komodo ist die
Stellung exakt im Lot 0,00} Be7 14. Nxd5 cxd5 15. Rfc1 f6? {weniger gut,
danach ist Weiss im Vorteil, Komodo +1,00 mit der Fortsetzung exf6,
deutlich besser ist Sb8 und die Stellung ist im Lot} 16. Qe3? {das bringt
allerdings keinen Vorteil für Weiss, die Stellung ist wieder im Lot mit der
Fortsetzung Lxf3} a6? {so allerdings nicht, das ist ganz schwach, Komodo
+1,50 mit der Fortsetzung exf6} 17. exf6 Rxf6 18. Ne5 Nxe5 19. dxe5 Rh6 20.
Qd4 Bg5 21. f4 Be7 22. f5? {klar schwächer als g3, Komodo +1,00} Bg5 23.
Bxg5 Qxg5 24. Rc7 Bf3 25. Qf2 Be4 26. Bxe4 dxe4 27. Qc2? {klar schwächer
als Dc5, die Stellung ist wieder im Lot} Qe3+? {so allerdings nicht, nötig
war Tf8, Komodo +1,00 für Weiss} 28. Kh1 Rf8 29. Rc8 Qf4 30. Rxf8+ Kxf8 31.
Qc8+ Kf7??? {ein absoluter Verlustzug, danach ist die Partie sofort
verloren / Komodo -5,00 mit der Fortsetzung Dd7+ !!} 32. Qxb7+??? {Novag
Diamond II verpasst den sofortigen Gewinn, dieser Zug ist um ganze 4
Bauerneinheiten !! schlechter als Dd7, Komodo +0,90} Kf8 33. Qc8+ Kf7???
{Mephisto Berlin 68000 macht den gleichen Fehler wie in Zug 31 nochmals,
danach ist die Partie sofort verloren, Komodo -6,00 mit der Fortsetzung
Dd7+, der König muss natürlich nach e7} 34. Qd7+ Kf8 35. Qd8+??? {ein
völlig unverständlicher Zug, warum Gottes willen nicht h3 ???, nach dem
Textzug ist Weiss nur noch mit +1,00 im Vorteil (um ganze 5 Bauerneinheiten
schlechter als h3 !!!)} Kf7 {stimmt aber nicht, denn Weiss gewinnt
natürlich mit Dd7+, Kf8 und dann h3, aber das wird Novag Diamond II
natürlich nicht spielen, denn es wäre eine Stellungswiederholung und somit
0,00} 36. Qc7+? {also hier versagt auch Komodo 13.02 !!!!! er schlägt hier
allen Ernstes Kg8 ??? vor, das sofort verliert mit -5,00 lt. Stockfish 15,
der König muss natürlich nach e8 !!} Ke8 37. h3??? {dafür ist es leider zu
spät, das führt nur zum Remis, nach Txh3+ !! ist das Remis besiegelt, denn
Weiss kommt nicht mehr aus dem Schach, Vorteil versprach noch Dc8+} Rxh3+
{diese Chance lässt sich Mephisto Berlin 68000 nicht entgehen} 38. gxh3
Qf3+ 39. Kg1 Qg3+ 40. Kf1 Qxh3+ 41. Ke2 Qd3+ 42. Kf2 Qf3+ 43. Ke1 Qe3+ 44.
Kd1 Qd3+ 45. Kc1 Qf1+ 46. Kd2 Qd3+ 47. Ke1 Qe3+ 48. Kd1 Qd3+ 49. Ke1 Qe3+
{Stellungswiederholung} 1/2-1/2
[/pgn]
[pgn]

[Event "Turnier 40 / 120"]
[Site "Wien"]
[Date "2022.08.06"]
[Round "36"]
[White "Mephisto Berlin 68000 - 12 MHZ"]
[Black "Novag Diamond II H8 - 32 MHZ"]
[Result "1-0"]
[BlackElo "2135"]
[WhiteElo "2138"]

{Analyse ---> Komodo 13.02.} 1. e4 e5 2. Nf3 Nc6 3. Bc4 Bc5 4. d3 Nf6 5. c3
d6 6. a4 a6 7. O-O {Buchende} O-O {Buchende} 8. Bg5 {Buchbewertung Mephisto
Berlin 68000: +0,39} Bg4 {Buchbewertung Novag Diamond II: +0,11 / lt.
Komodo steht Weiss etwas besser mit ca. +0,50} 9. b4 Ba7 10. Nbd2 h6 11.
Bh4 g5 12. Bg3 Nh5 13. Qb3 Qf6 14. Kh1 Nf4 15. Rfe1 Rfd8 16. Rab1 Re8 {die
Stellung ist im Lot} 17. Rb2 Be6 18. Bxe6 Qxe6 19. Bxf4 exf4 20. d4 Qxb3
21. Rxb3 g4 {weniger gut, danach ist Weiss etwas im Vorteil, Komodo +0,80,
deutlich besser ist f5 und alles ist im Lot} 22. Ng1 d5??? {ein ganz
schlechter Zug, danach steht Weiss bereits klar besser, Komodo +1,30 mit
der Fortsetzung Se2, nötig war Se7 mit nur geringem Vorteil für Weiss} 23.
f3 f5 24. e5 Nd8 25. Ne2 Ne6 26. Rf1 Rf8 27. Rbb1 Rad8 {deutlich schwächer
als c6, nach dem Textzug ist die Partie bereits verloren, Komodo +2,20 mit
der Fortsetzung Sb3} 28. Nb3 Rb8 29. Nbc1 gxf3 30. Rxf3 Ng5 31. Rxf4 a5??
{nochmals klar schwächer als Se4, Komodo -4,00, da ist definitiv nichts
mehr zu retten für Schwarz.} 32. bxa5 c5 33. Rh4 Kh7 34. Nd3 Ne4
{angesichts dieser absolut hoffnungslosen Stellung erspare ich hier Novag
Diamond II die Hinrichtung} 1-0
[/pgn]
[pgn]

[Event "Turnier 40 / 120"]
[Site "Wien"]
[Date "2022.08.06"]
[Round "37"]
[White "Novag Diamond II H8 - 32 MHZ"]
[Black "Mephisto Berlin 68000 - 12 MHZ"]
[Result "1-0"]
[BlackElo "2138"]
[WhiteElo "2135"]

{Analyse ----> Komodo 13.02.} 1. e4 d6 2. d4 Nf6 3. Nc3 g6 4. f4 Bg7 5. Nf3
O-O 6. Bd3 Nc6 7. O-O Bg4 8. e5 dxe5 9. dxe5 Nd5 10. h3 Nxc3 11. bxc3 Bf5
12. Bxf5 gxf5 13. Be3 {Buchende} e6 14. Qe2 {Buchbewertung Novag Diamond
II: +0,19} Qd5 15. Rfd1 Qa5 {Buchende} 16. Rab1 Ne7 17. Rxb7 Nd5 18. Qf2
{deutlich schwächer als Ld2, danach ist Schwarz etwas im Vorteil, Komodo
+0,60} Qxa2 19. Bxa7? {ein schwacher Zug, danach steht Schwarz bereits klar
besser, Komodo +1,20 mit der Fortsetzung Da6, nötig war Kh2 mit geringem
Vorteil für Schwarz} Qa4? {dieser Zug bringt allerdings keinen Vorteil für
Schwarz, die Stellung ist wieder im Lot} 20. Bc5 Rfb8 21. Rxb8+ Rxb8 22.
Rd4 Qa1+ 23. Kh2 Qxc3 24. Rd3 Qc4 25. g3 Rb2 26. Ne1 f6 {klar schwächer als
Tb1, die Stellung ist wieder im Lot} 27. exf6 Bxf6 28. Ra3 Bg7 29. Ra8+
{das bringt gar nichts, besser ist Td3} Kf7 30. Rc8? {ein schlechter Zug,
danach ist Schwarz bereits klar im Vorteil, Komodo +1,50 mit der
Fortsetzung h5, deutlich besser ist Td8} Ra2? {auch nicht gerade das Gelbe
vom Ei, verspielt einen Grossteil des Vorteiles, Komodo -0,50 mit der
Fortsetzung g4} 31. Rb8? {doch beide Geräte verstehen die Stellung nicht,
nach dem Textzug ist Schwarz wieder klar im Vorteil, Komodo neuerlich +1,50
mit der Fortsetzung h5} Bc3 32. Qf3??? {also Novag Diamond II ist wirklich
völlig von der Rolle in diesem Wettkampf hier ist schon wieder der
endgültig spielentscheidende Fehler, danach ist die Partie sofort verloren,
Komodo -3,00 mit der Fortsetzung Sf6} Qxc5??? {so allerdings nicht,
Mephisto Berlin 68000 verschenkt den Sieg, danach ist die Partie Remis,
Komodo 0,00} 33. Qh5+ Kg7??? {ja ist denn das zu glauben, Mephisto Berlin
verschenkt den Sieg im vorigen Zug und gleich im nächsten verschenkt er das
Remis, nach dem Textzug ist die Partie sofort verloren, Komodo +5,00 für
Weiss mit der Fortsetzung Dg5+} 34. Qg5+ Kf7 35. Qg8+ Kf6 36. Rf8+ Qxf8 37.
Qxf8+ Kg6 38. g4 {nicht der beste Zug, besser ist De8+, aber auch nach dem
Textzug steht Weiss klar auf Gewinn, Komodo +4,00 / Novag Diamond II sieht
hier jedoch noch gar keinen Vorteil lediglich +0,07} fxg4 {Mephisto Berlin
68000 gibt sich auch durchaus Chancen nur -0,69} 39. f5+! {Novag Diamond
II: +0,46 / richtig, Komodo +4,60} Kh5 {Mephisto Berlin -0,96} 40. Nd3???
{ein ganz schlechter Zug, der den Vorteil deutlich reduziert, deutlich
besser ist fxe6 mit ca. +5,60 für Weiss, nach dem Textzug ist Weiss "nur"
noch mit ca. +2,50 im Vorteil} Rxc2+ 41. Kg3 gxh3? {deutlich mehr
Widerstand leistet noch Le5+, das ist aber ausser Reichweite eines jeden
Oldies, der Läufer kann ja einfach genommen werden, hier also kein Vorwurf
!, Komodo -4,00} 42. fxe6 Nf6 {deutlich mehr Widerstand leistet Lf6, Komodo
-8,00} 43. Nf4+ Kg5 44. Qc5+ Kh6 45. Kxh3 Rc1 46. Qe3 Rh1+ 47. Kg2 Rh2+ 48.
Kg3 Rb2 49. Nh3+ Kg7 50. Qxc3 {Rest geschenkt} 1-0
[/pgn]
[pgn]